Complete reference web design (Record no. 7525)

MARC details
000 -LEADER
fixed length control field 00304nam a2200133Ia 4500
008 - FIXED-LENGTH DATA ELEMENTS--GENERAL INFORMATION
fixed length control field 191201s2011 xx 000 0 und d
100 ## - MAIN ENTRY--PERSONAL NAME
Personal name POWELL,Thomas A
245 #0 - TITLE STATEMENT
Title Complete reference web design
250 ## - EDITION STATEMENT
Edition statement Rep
260 ## - PUBLICATION, DISTRIBUTION, ETC. (IMPRINT)
Date of publication, distribution, etc 2011
Name of publisher, distributor, etc TMH
Place of publication, distribution, etc N. delhi
300 ## - PHYSICAL DESCRIPTION
Extent 898
650 ## - SUBJECT ADDED ENTRY--TOPICAL TERM
Topical term or geographic name as entry element MCA
942 ## - ADDED ENTRY ELEMENTS (KOHA)
Source of classification or shelving scheme Dewey Decimal Classification
Koha item type Book Bank
Holdings
Withdrawn status Lost status Source of classification or shelving scheme Damaged status Not for loan Collection code Home library Current library Date acquired Source of acquisition Cost, normal purchase price Bill Number Total Checkouts Acc. no. / Barcode Date last seen Bill Date Koha item type Actual Cost, discounted price
    Dewey Decimal Classification     MCA PIET C-LIBRARY PIET C-LIBRARY 31/03/2012 IBH, New Delhi 595.00 21410   BB8139 04/12/2019 31/03/2012 Book Bank  
    Dewey Decimal Classification     MCA PIET C-LIBRARY PIET C-LIBRARY 31/03/2012 IBH, New Delhi 595.00 21410   BB8140 04/12/2019 31/03/2012 Book Bank  
    Dewey Decimal Classification     MCA PIET C-LIBRARY PIET C-LIBRARY 31/03/2012 IBH, New Delhi 595.00 21410   BB8141 04/12/2019 31/03/2012 Book Bank  
    Dewey Decimal Classification     MCA PIET C-LIBRARY PIET C-LIBRARY 31/03/2012 IBH, New Delhi 595.00 21410   BB8142 04/12/2019 31/03/2012 Book Bank  
    Dewey Decimal Classification     MCA PIET C-LIBRARY PIET C-LIBRARY 31/03/2012 IBH, New Delhi 595.00 21410   BB8143 04/12/2019 31/03/2012 Book Bank  
    Dewey Decimal Classification     MCA PIET C-LIBRARY PIET C-LIBRARY 28/03/2015 KIRTI PRAKASHAN, NEW DELHI 695.00 IN-2418   BB11355 04/12/2019 28/03/2015 Book Bank 465.65
    Dewey Decimal Classification     MCA PIET C-LIBRARY PIET C-LIBRARY 28/03/2015 KIRTI PRAKASHAN, NEW DELHI 695.00 IN-2418   BB11356 04/12/2019 28/03/2015 Book Bank 465.65

Design & Developed by: PIET Central Library
R70 Miles Stone Pattikalyana Samalkha Panipat 132102
mail ID :- [email protected], Phone No:- 0180-2569700 Ex.216